<?xml version="1.0" encoding="UTF-8"?>
<collection xmlns="http://www.loc.gov/MARC21/slim">
 <record>
  <leader>01034nam a2200241   4500</leader>
  <controlfield tag="001">000016474</controlfield>
  <controlfield tag="003">12876</controlfield>
  <controlfield tag="005">20150812150853.0</controlfield>
  <controlfield tag="008">121106s2009                           sd</controlfield>
  <datafield tag="245" ind1="0" ind2="0">
   <subfield code="a">Vật lí đại cương các nguyên lí và ứng dụng</subfield>
   <subfield code="c">Biên khảo: Trần Ngọc Hợi (ch.b) - Phạm Văn Thiều</subfield>
  </datafield>
  <datafield tag="250" ind1=" " ind2=" ">
   <subfield code="a">tái bản lần thứ 1</subfield>
  </datafield>
  <datafield tag="260" ind1=" " ind2=" ">
   <subfield code="a">H.</subfield>
   <subfield code="b">Giáo dục</subfield>
   <subfield code="c">2009</subfield>
  </datafield>
  <datafield tag="774" ind1=" " ind2=" ">
   <subfield code="a">Trần Ngọc Hợi</subfield>
   <subfield code="b">Tái bản lần thứ 1</subfield>
   <subfield code="d">Giáo dục</subfield>
   <subfield code="d">H.</subfield>
   <subfield code="d">2009</subfield>
   <subfield code="g">T.2</subfield>
   <subfield code="h">487tr.</subfield>
   <subfield code="t">Điện, từ, dao động và sóng</subfield>
   <subfield code="w">12877</subfield>
  </datafield>
  <datafield tag="774" ind1=" " ind2=" ">
   <subfield code="a">Trần Ngọc Hợi</subfield>
   <subfield code="b">Tái bản lần thứ 1</subfield>
   <subfield code="d">Giáo dục</subfield>
   <subfield code="d">H.</subfield>
   <subfield code="d">2009</subfield>
   <subfield code="g">T.3</subfield>
   <subfield code="h">414tr.</subfield>
   <subfield code="t">Quang học và vật lí lượng tử</subfield>
   <subfield code="w">12878</subfield>
  </datafield>
  <datafield tag="774" ind1=" " ind2=" ">
   <subfield code="a">Trần Ngọc Hợi</subfield>
   <subfield code="b">Tái bản lần thứ 1</subfield>
   <subfield code="d">Giáo dục</subfield>
   <subfield code="d">H.</subfield>
   <subfield code="d">2009</subfield>
   <subfield code="g">T.1</subfield>
   <subfield code="h">511tr.</subfield>
   <subfield code="t">Cơ học và nhiệt học</subfield>
   <subfield code="w">12875</subfield>
  </datafield>
  <datafield tag="OWN" ind1=" " ind2=" ">
   <subfield code="a">LSP</subfield>
  </datafield>
  <datafield tag="999" ind1=" " ind2=" ">
   <subfield code="a">From the UDN01</subfield>
  </datafield>
  <datafield tag="TYP" ind1=" " ind2=" ">
   <subfield code="a">Monograph</subfield>
  </datafield>
  <datafield tag="TYP" ind1=" " ind2=" ">
   <subfield code="a">Printed language</subfield>
  </datafield>
  <datafield tag="980" ind1=" " ind2=" ">
   <subfield code="a">Mạng thư viện Đại học Đà Nẵng</subfield>
  </datafield>
 </record>
</collection>
